LEADER 02882nam 2200685Ia 450 001 9910777408503321 005 20230617005320.0 010 $a0-8147-6231-X 010 $a0-8147-6260-3 010 $a1-4175-8834-9 035 $a(CKB)1000000000453696 035 $a(EBL)865735 035 $a(OCoLC)779828225 035 $a(SSID)ssj0000115259 035 $a(PQKBManifestationID)11143194 035 $a(PQKBTitleCode)TC0000115259 035 $a(PQKBWorkID)10007074 035 $a(PQKB)10828220 035 $a(MiAaPQ)EBC865735 035 $a(OCoLC)58846572 035 $a(MdBmJHUP)muse10566 035 $a(Au-PeEL)EBL865735 035 $a(CaPaEBR)ebr10078444 035 $a(DE-B1597)547203 035 $a(DE-B1597)9780814762608 035 $a(EXLCZ)991000000000453696 100 $a20031030d2004 uy 0 101 0 $aeng 135 $aur|n|---||||| 181 $ctxt 182 $cc 183 $acr 200 14$aThe Brooklyn Cyclones$b[electronic resource] $ehardball dreams and the new Coney Island /$fBen Osborne 210 $aNew York $cNew York University Press$dc2004 215 $a1 online resource (208 p.) 300 $aDescription based upon print version of record. 311 $a0-8147-6205-0 327 $aPrologue, June 2nd, 2001 -- Opening day -- The first few Brooklyn "home stands" -- Kay and the Cyclones become celebrities -- Coney Island's team begins its own rivalry, the "Ferry Series" -- Kay and the Cyclones take the New York-Penn League by storm -- Brett Kay moves to the big city, Anthony stays in Coney Island -- The last home game of the regular season -- The postseason -- Epilogue, March 15, 2003. 330 $aWhen professional baseball returned to Brooklyn in 2001, fans were jubilant and the media swarmed. After losing the Brooklyn Dodgers to California 44 years ago, Brooklyn baseball fans could once again claim a team of their own: the Cyclones, a Class A affiliate of the New York Mets. The Brooklyn Cyclones: Hardball Dreams and the New Coney Island recounts that first season of the Cyclones. From the construction of the incredible Keyspan Park at Coney Island to their improbable successes on the field, Ben Osborne tells the story of the Cyclones' delicate first year of operation. We see the story 606 $aBaseball$zNew York (State)$zNew York 607 $aConey Island (New York, N.Y.) 610 $adreams. 610 $aleague. 610 $amajor. 610 $aminor. 610 $ariveting. 610 $astory. 610 $ateam. 610 $awith. 610 $ayoung. 615 0$aBaseball 676 $a796.357/64/0974723 700 $aOsborne$b Ben$f1974-$01523567 801 0$bMiAaPQ 801 1$bMiAaPQ 801 2$bMiAaPQ 906 $aBOOK 912 $a9910777408503321 996 $aThe Brooklyn Cyclones$93763831 997 $aUNINA LEADER 00982nam0-2200301 --450 001 9911011569103321 005 20250703143606.0 010 $a978-88-361-3269-0 020 $aIT$b2023-878 100 $a20250703d2022----kmuy0itay5050 ba 101 0 $aita$cita 102 $aIT 105 $a 001yy 200 1 $aA teatro con Ulisse$euno studio sulle rielaborazioni teatrali in lingua tedesca del mito di Ulisse$fFabio Ramasso$g[prefazione di Isolde Schiffermuller] 210 $aAlessandria$cEdizioni dell'Orso$d2022 215 $aXXVI, 154 p.$d24 cm 225 1 $aCultura tedesca$v18 610 0 $aOmero . Odissea$aRiduzioni teatrali$aGermania$a2010 676 $a792.92$v23 700 1$aRamasso,$bFabio$01829967 702 1$aSchiffermuller,$bIsolde 801 0$aIT$bUNINA$gREICAT$2UNIMARC 901 $aBK 912 $a9911011569103321 952 $a809.93352 RAMF 01$b2024/12332$fFLFBC 959 $aFLFBC 996 $aA teatro con Ulisse$94400175 997 $aUNINA LEADER 00813nam a2200229 u 4500 001 991004411529307536 005 20251217131221.0 008 251217s2022 xx r 001 0 eng d 040 $aBibl. Dip.le Aggr. Ingegneria Innovazione - Sez. IngegneriaInnovazione$beng 082 0 $a004.22 110 1 $aIntel Corporation$0309827 245 10$aIA-32 Intel architecture optimization reference manual 260 $a[S.l.] :$bIntel Corporation,$c2005 300 $a[varie p.] :$bill. ;$c28 cm 500 $aPublication date: June 2005. 650 0$aComputer architecture 650 0$aMicroprocessors$xOptimization 650 0$aSoftware optimization 710 1 $aIntel Corporation$0309827 912 $a991004411529307536 996 $aIA-32 Intel architecture optimization reference manual$94527908 997 $aUNISALENTO